000 00571cam a22002291 4500
001 sa 66007318
003 DLC
005 20260227112303.0
008 890825s1964 ii 000 0 urdr
010 _asa 66007318
035 _a(OCoLC)20255378
040 _aDLC
_cWaU
_dDLC
042 _apremarc
043 _aa-ii---
050 0 0 _aPK2155
_b.W3
100 1 _aʻAbdulvadūd, Qāẓi,
_d1896-1984.
245 1 0 _aUshtur o sozan.
260 _aDelhi,
_c1964.
300 _a136 p.
_c19 cm.
500 _aIn Urdu.
650 0 _aUrdu literature
_xHistory and criticism.
999 _c71093
_d71093